MDQL
is popping MORE tags! Check the
thread
!
Quizzes
Events
Quiz Creation
Community
Videos
Private Events
Remove Ads
Sign In
Join for FREE
Feedback
Dark Mode
Quiz Categories
Sports
Geography
Music
Movies
Television
Just For Fun
Miscellaneous
History
Literature
Language
Science
Gaming
Entertainment
Religion
Holiday
For Kids
Quiz Lab
Recent
Popular Today
Quiz Kudos Today
Editor Picks
Curator Picks
Quizzes by...
Day
Popularity
Type
Ratings
Length
Year
Community
Subscriptions
Recent Discussions
Orange Saloon
Badges
Playlists
Quests
Create
Leaderboards
Showdown
Live 5
Trivia Bingo
Activity
Puzzle Library
Sporcle Events
Private Events
Virtual Trivia
Globe League
Become a Host
Pub Owners
SporcleCon
Opinionation
Our Games
Videos
Blog
Mobile Apps
Partnerships
Remove Ads and Go Orange
Feedback
Sports
Athletes
MLB
NBA
NHL
NFL
Soccer
Sports Teams
WWE
NCAA
Football
Premier League
Basketball
Baseball
Hockey
Golf
Tennis
Cricket
Rugby
Auto Racing
Olympics
World Cup
Sports
Athletes
MLB
NBA
NHL
NFL
Soccer
Sports Teams
WWE
NCAA
Football
Premier League
Basketball
Baseball
Hockey
Golf
Tennis
Cricket
Rugby
Auto Racing
Olympics
World Cup
Random Quiz
Search Sporcle
×
Quiz Lab
Quiz Lab
Sports
NBA
Type in answers that appear in a list
Type in answers that appear in a list
Classic
Best Score? Go Orange.
NBA Leading Scorers by Draft Class Stats
Can you name the NBA Leading Scorers by their Draft Class?
By
JA1831
15m
61 Questions
220 Plays
220 Plays
220 Plays
Comments
Comments
Give Quiz Kudos
Give Quiz Kudos
-
- Ratings
hide this ad
Replay
Link that replays current quiz
Next Quiz
Link to next quiz in quiz playlist
You Got
0%
They Got
Avg Score
48%
Avg Friend Score
Upgrade to see
Score Distribution
Jump to the score distribution portion of the page
Score
0/61
Timer
15:00
0
Plays Today
Year
Player
% Correct
1984
Michael Jordan
85.5%
1969
Kareem Abdul-Jabbar
85%
2003
LeBron James
83.2%
1996
Kobe Bryant
82.3%
1959
Wilt Chamberlain
81.8%
1985
Karl Malone
80%
1979
Magic Johnson
78.2%
1978
Larry Bird
76.4%
1992
Shaquille O'Neal
75.9%
2007
Kevin Durant
74.5%
1997
Tim Duncan
73.2%
1998
Dirk Nowitzki
72.3%
1989
Clifford Robinson
67.3%
1960
Oscar Robertson
66.8%
1995
Kevin Garnett
65.9%
2008
Derrick Rose
65.5%
2004
Dwight Howard
65%
1950
Bob Cousy
64.1%
1954
Bob Pettit
62.7%
1956
Bill Russell
62.7%
1962
John Havlicek
58.6%
1994
Jason Kidd
58.6%
1958
Elgin Baylor
56.4%
1987
Reggie Miller
56.4%
2002
Amare Stoudemire
54.1%
1993
Chris Webber
53.2%
1968
Elvin Hayes
52.7%
1971
Randy Smith
52.7%
1991
Steve Smith
52.7%
1982
Dominique Wilkins
52.3%
1990
Gary Payton
52.3%
Year
Player
% Correct
1957
Sam Jones
51.4%
1976
Alex English
51.4%
1983
Clyde Drexler
49.1%
2001
Pau Gasol
46.4%
2009
Stephen Curry
45.9%
1980
Kevin McHale
42.7%
1972
Bob McAdoo
41.4%
1974
George Gervin
40.5%
2010
DeMarcus Cousins
39.5%
1977
Bernard King
35.9%
1967
Earl Monroe
34.1%
1988
Mitch Richmond
33.6%
1966
Dave Bing
28.6%
1981
Tom Chambers
28.6%
1999
Jason Terry
27.7%
2006
Rudy Gay
26.8%
1961
Walt Bellamy
26.4%
1970
Bob Lanier
25.9%
2005
Danny Granger
25.5%
1965
Gail Goodrich
23.6%
1975
World B. Free
23.6%
2000
Jamal Crawford
22.3%
1963
Nate Thurmond
21.8%
1955
Jack Twyman
20.9%
1953
Cliff Hagan
16.4%
1952
Clyde Lovellette
15.5%
1964
Jeff Mullins
12.3%
1986
Jeff Hornacek
12.3%
1951
Mel Hutchins
11.8%
1973
George McGinnis
8.6%
Quiz Playlist
Details
Report
Send in Message
Add To Playlist
Classic:
Type in answers that appear in a list
Last Updated: Feb 16, 2017
Quiz Scoreboard
CHALLENGE
Sign Up to Join the Scoreboard
Show All
Scores
Hide
Comments
May contain spoilers
Recently Published
1-10 Letter E Words III
by El_Dandy
Language
2m
Street Fighter Characters
by Artimus82
Gaming
60s
College Basketball Coaching Resumes
by pancakes188
Sports
9m
More to Explore
Quiz From the Vault
Featured Blog Post
Where Did the Easter Bunny Come From?
hide this ad
You Might Also Like...
Tags
Basketball Quiz
NBA Quiz
class
Draft
Leading
Player
point
Scorer
Today's Top Quizzes in Sports
Browse Sports
hide this ad
Today's Top Quizzes in NBA
Browse NBA
Top Contributed Quizzes in Sports
1
2022 World Cup Stars
2
Les meilleurs buteurs des matchs entre le PSG et l’OM
3
FIFA Club World Cup Champions
4
Les entraîneurs de l'OM et du PSG au 21e siècle
5
Criteria MLB: Left Handed Sluggers
6
2023 MLB Unique Player Accomplishments
7
AFC Teams Reveal (Wrong Answers Minefield)
8
Players with Multiple 50 Home Run Seasons
9
5-to-1: FBS Animal Nicknames
10
5-to-1: UK Sports Teams
Explore More
Trending Topics
Harry Potter
Anime
Marvel
Disney
NBA
Kpop
Crossword
NFL
WWE
Soccer
The Office
Song
Pokémon
Puzzle
Country
hide this ad
More By:
JA1831
Quiz
Plays
Rating
Category
Featured
Created
Jerry Sloan Starters
927
4.80
Sports
Jun 29, 2011
NBA Leading Scorers by Draft Class
220
5.00
Sports
Jun 27, 2011
NBA Top Scoring non All-Stars
137
4.67
Sports
Jun 11, 2014
NBA Leaders by Big Ten School
95
5.00
Sports
Jun 30, 2011
NBA Top 25 Scorers in 1990
69
Sports
May 28, 2014
Go to Creator's Profile
Score Distribution
Quiz Creator Spotlight
JA1831
Follow
Send a Message
Quizzes Created
-
Created Quiz Play Count
-
More By This Creator
Popular Quizzes Today
1
Find the US States - No Outlines Minefield
2
Find the Countries of Europe - No Outlines Minefield
3
The Countries of the World
4
Find the US States
5
Risky Map Clicking: Biggest States A-Z
6
US States
7
Popular People in 1961
8
Movies - When Are They Set?
More Sports Quizzes
Win The Champions League: 2001–02
Quiz Lab
Trending Quizzes
Risky Map Clicking: Least Populous States A-Z
Billboard Blitz: Aretha Franklin
1-10 Letter G Words
Countries of the World: 200 Million BC
1-10 Letter F Words
Recently Updated
Leaping Animals
pecheneg
Reality TV Shows (A-Z)
bhenderson79
Rickey Henderson's Hall of Fame Teammates
pecheneg
Champions League XIs: Arsenal
pecheneg
Quick Pick: Celebrities in WWE's Hall of Fame
aduchscher
A-Z Keypad Blitz II
pecheneg
Multiple Oscar Actors
pecheneg
Mystery Phrase Blitz: Oscar 'Best Actors'
pecheneg
F. Scott Fitzgerald Novels
LTH
Pick 3 Villains
ddd62291
Trending Topics
Harry Potter
NBA
Disney
Kpop
Anime
Crossword
Marvel
Soccer
WWE
The Office
Pokémon
Country
Puzzle
Song
NFL
Your Account Isn't Verified!
In order to create a playlist on Sporcle, you need to verify the email address you used during registration. Go to your
Sporcle Settings
to finish the process.
Report this User
Report this user for behavior that violates our
Community Guidelines
.
Details:
Send Report
Go to the Sporcle.com Mobile Site →
Comments